| 000 | 01444nam a2200337 i 4500 | ||
|---|---|---|---|
| 001 | 46533 | ||
| 003 | ES-MaACL | ||
| 005 | 20250831063032.0 | ||
| 007 | t| | ||
| 008 | 030331e1981 sp |r 00110 spa | ||
| 017 |
_aV 427-1982 _bOficina Depósito Legal Valencia |
||
| 020 | _a84-600-2590-X | ||
| 040 | _cES-MaACL | ||
| 080 | _a23 | ||
| 110 | 2 |
_aIglesia Católica _bCongregatio pro Doctrina Fidei _eisb _9137911 |
|
| 245 | 1 | 0 |
_aOcho documentos doctrinales de la Sagrada Congregación para la Doctrina de la Fe / _c[editados por la] Conferencia Episcopal Española, Secretariado de la Comisión Episcopal para la Doctrina de la Fe |
| 246 | 1 | _a8 documentos doctrinales de la Sagrada Congregación para la Doctrina de la Fe | |
| 260 |
_aMadrid : _b[Real Colegio del Corpus Christi], _c1981 |
||
| 300 |
_a243 páginas ; _c22 cm |
||
| 490 | 1 |
_aBiblioteca doctrinal: documenta ; _v1 _9242148 |
|
| 546 | _aTexto paralelo en latín y español | ||
| 650 | 7 |
_aTeología dogmática _2embne _917468 |
|
| 710 | 2 |
_aConferencia Episcopal Española _eedt _93172 |
|
| 710 | 2 |
_aReal Colegio-Seminario de Corpus Christi _eedt _9134787 |
|
| 740 | 0 | _a8 documentos doctrinales de la Sagrada Congregación para la Doctrina de la Fe. | |
| 830 | 0 |
_9242148 _aBiblioteca doctrinal: documenta ; _v1 |
|
| 852 | 4 |
_aES-MaACL _bR.102940 _cDEPO2 _jL-1932 |
|
| 942 |
_2udc _cMONOGRAFIA _n0 |
||
| 999 |
_c46533 _d46533 |
||